Statistiken für Automodelle nach Marken

Klicken Sie hier um das Quiz zu spielen!

Allgemein

  • Dieses Quiz wurde 830 mal gespielt
  • Das Durchschnittsergebnis liegt bei 15 aus 37

Antwortstatistiken

MarkeTypModell% Korrekt
VWKompaktGolf
92%
VWKleinwagenPolo
84%
VWMittelklassePassat
76%
FordKompaktFocus
72%
OpelKleinwagenCorsa
70%
FordKleinwagenFiesta
70%
VWSUVT-Roc / Tiguan / Toureg
67%
VWKleinstwagenup!
66%
OpelKompaktAstra
63%
FordKleinstwagenKa+
63%
ŠkodaMittelklasseOctavia
59%
ŠkodaKleinwagenFabia
56%
RenaultKleinwagenClio / ZOE
55%
VWKompaktvanTouran
44%
FordSUVEcoSport / Kuga
41%
FordMittelklasseMondeo
41%
OpelKleinstwagenKarl / Adam
40%
OpelSUVCrossland / Mokka / Grandland
39%
ŠkodaObere MittelklasseSuperb
38%
RenaultKompaktMégane
37%
RenaultKleinstwagenTwizy / Twingo
34%
OpelMittelklasseInsignia
32%
KiaKompaktCeed
31%
VWObere MittelklasseArteon
30%
KiaSUVNiro / Stonic / Sportage
28%
ŠkodaSUVKamiq / Karoq / Kodiaq
26%
OpelKompaktvanZafira
24%
FordKompaktvanC-Max
21%
RenaultSUVCaptur / Kadjar / Koleos
19%
ŠkodaKleinstwagenCitigo
15%
KiaKleinwagenRio
15%
KiaObere MittelklasseStinger
15%
KiaKleinstwagenPicanto
14%
RenaultKompaktvanScénic
12%
RenaultMittelklasseTalisman
11%
ŠkodaKompaktScala
10%
KiaMittelklasseOptima
5%

Verteilung der Resultate

Perzentil nach korrekt beantworteten Fragen

Anzahl Personen mit jedem Resultat

Ihre Resultats-Entwicklung

Sie haben dieses Quiz noch nicht gespielt